Normal view
MARC view
Entry Topical Term
001 - CONTROL NUMBER
- control field: 4020
003 - CONTROL NUMBER IDENTIFIER
- control field: BD-RjUL
005 - DATE AND TIME OF LATEST TRANSACTION
- control field: 20220705151048.0
008 - FIXED-LENGTH DATA ELEMENTS
- fixed length control field: 220705|| aca||aabn | a|a d
040 ## - CATALOGING SOURCE
- Original cataloging agency: BD-RjUL
- Transcribing agency: BD-RjUL
150 ## - HEADING--TOPICAL TERM
- Topical term or geographic name entry element: মঞ্চের আলোকসজ্জা
670 ## - SOURCE DATA FOUND
- Source citation: Work cat.: (BD-RjUL)38327: হাজরা, নীরদবরণ 118457, মঞ্চে আলো ও ধ্বনি /, ১৯৯৮, [পুনর্মুণ ২০১৬]